| 000 | 00587cam a2200193 4500 | ||
|---|---|---|---|
| 001 | D15618 | ||
| 008 | 090401t1985 xxu||||| |||| 00| 0 eng d | ||
| 035 | _a(Sirsi) u24100 | ||
| 041 | _aeng | ||
| 050 | _a621.38 | ||
| 110 |
_aRoyal Institution of Chartered Surveyors _94900 |
||
| 245 | _aLandtronics Anglo-American conference [at] RICS Westminster Centre, 19-21 June 1985. | ||
| 260 |
_aLondon _bSurveyors Technical Services _c1985 |
||
| 300 | _aProgramme. attendance list. 13 papers | ||
| 350 | _a0 | ||
| 520 | _aFiled in box RICS 1985/28 ABC | ||
| 942 | _n0 | ||
| 948 | _c04/03/1997 | ||
| 999 |
_c88498 _d88498 |
||